Microelectronic Circuits (Record no. 314512)

MARC details
000 -LEADER
fixed length control field 00440nam a2200169Ia 4500
008 - FIXED-LENGTH DATA ELEMENTS--GENERAL INFORMATION
fixed length control field 230718s9999 xx 000 0 und d
041 ## - LANGUAGE CODE
Language code of text/sound track or separate title eng
082 ## - DEWEY DECIMAL CLASSIFICATION NUMBER
Classification number 621.381'5
Item number SED
100 ## - MAIN ENTRY--PERSONAL NAME
Personal name Sedra A.S.
245 ## - TITLE STATEMENT
Title Microelectronic Circuits
250 ## - EDITION STATEMENT
Edition statement 5th ed.
260 ## - PUBLICATION, DISTRIBUTION, ETC. (IMPRINT)
Date of publication, distribution, etc. 2005
Name of publisher, distributor, etc. Oxford University Press
300 ## - PHYSICAL DESCRIPTION
Extent 1283
365 ## - TRADE PRICE
Currency code Rs.
Price amount 399.00
700 ## - ADDED ENTRY--PERSONAL NAME
Personal name Sedra A.S. & Smith K.C.
9 (RLIN) 185253
906 ## - LOCAL DATA ELEMENT F, LDF (RLIN)
d 25420/14.08.06
c ELECT
b 79.8
Holdings
Withdrawn status Lost status Damaged status Not for loan Home library Current library Date acquired Vendor Budget Code Cost, normal purchase price Bill number Total Checkouts Full call number Barcode Date last seen Discount Cost, replacement price Bill Date Koha item type Original Barcode
        Cummins College of Engineering for Women Pune Cummins College of Engineering for Women Pune 04/09/2006 Pradeep Book Distributors ELECT 319.20 25420/14.08.06   621.381'5 CCEP-BK-25719 18/07/2023 79.8 399.00 14/08/2006 Books 025719